The value of everything

Bibliographic Details
Main Author: Mazzucato, Mariana
Format: Book
Published: UK : Allen Lane , 2018
Subjects:

MARC

LEADER 00000cam a2200000 7i4500
001 0000226006
005 20180920.0
020 |a 9780241347799 
090 0 0 |a 330.122   |b MAZ 
100 1 |a Mazzucato, Mariana 
245 1 4 |a The value of everything   |c Mariana Mazzucato 
260 |a UK :   |b Allen Lane ,   |c 2018 
300 |a 358p ;   |c 23cm. 
650 0 |a Capitalism 
650 0 |a Value 
999 |a 00360521   |b BUKU   |c PINJAMAN   |e PERPUSTAKAAN KOMUNITI PETALING JAYA